Central Library OPAC University of Rajshahi

ফোকলোর অনুষঙ্গ / (Record no. 39433)

MARC details
000 -LEADER
fixed length control field 00788nam a2200229 a 4500
001 - CONTROL NUMBER
control field 39433
003 - CONTROL NUMBER IDENTIFIER
rucl marc code BD-RjUL
005 - DATE AND TIME OF LATEST TRANSACTION
control field 20230801105110.0
008 - FIXED-LENGTH DATA ELEMENTS--GENERAL INFORMATION
fixed length control field 160411t201 bg ||||| |||| 00| 0 ben d
020 ## - INTERNATIONAL STANDARD BOOK NUMBER
International Standard Book Number 9847016400533
Terms of availability : Tk. 250.00
035 ## - SYSTEM CONTROL NUMBER
System control number (BD-RjUL)39546
040 ## - CATALOGING SOURCE
Original cataloging agency BD-RjUL
Language of cataloging eng
Transcribing agency BD-RjUL
041 ## - LANGUAGE CODE
Language code of text/sound track or separate title eng
082 ## - DEWEY DECIMAL CLASSIFICATION NUMBER
Edition number 23
Classification number 398
Author mark and year MOF 2015
100 ## - MAIN ENTRY--PERSONAL NAME
Personal name মন্ডল, অনুপম হীরা .
9 (RLIN) 121556
245 10 - TITLE STATEMENT
Title ফোকলোর অনুষঙ্গ /
Statement of responsibility, etc. অনুপম হীরা মন্ডল
260 ## - PUBLICATION, DISTRIBUTION, ETC. (IMPRINT)
Place of publication, distribution, etc. ঢাকা :
Name of publisher, distributor, etc. রাবেয়া বুকস,
Date of publication, distribution, etc. ২০১৫
300 ## - PHYSICAL DESCRIPTION
Pagination ২৩৯ পৃ. ;
Size ২২ সেমি.
650 ## - SUBJECT ADDED ENTRY--TOPICAL TERM
Topical term or geographic name as entry element Folklore
9 (RLIN) 121557
Topical term or geographic name as entry element লোককাহিনী (ফোকলোর)
9 (RLIN) 8177
942 ## - ADDED ENTRY ELEMENTS (KOHA)
Source of classification or shelving scheme Dewey Decimal Classification
Koha item type Books
Holdings
Lost status Source of classification or shelving scheme Damaged status Not for loan Collection code Permanent Location Current Location Shelving location Date acquired Source of acquisition Cost, normal purchase price Total Checkouts Full call number Date last seen Copy number Koha item type Date checked out Total Renewals
  Dewey Decimal Classification   Not For Loan Non-fiction Central Library, University of Rajshahi Central Library, University of Rajshahi Reading Room 14/09/2015 Folklore department, Rajshahi University 250.00   B 398 MOF 2015 11/04/2016 C-1 Books    
  Dewey Decimal Classification     Non-fiction Central Library, University of Rajshahi Central Library, University of Rajshahi   14/09/2015 Folklore department, Rajshahi University 250.00 2 B 398 MOF 2015 26/05/2022 C-2 Books 16/05/2022  
  Dewey Decimal Classification     Non-fiction Central Library, University of Rajshahi Central Library, University of Rajshahi   14/09/2015 Folklore department, Rajshahi University 250.00 2 B 398 MOF 2015 08/04/2023 C-3 Books 28/03/2023  
  Dewey Decimal Classification     Non-fiction Central Library, University of Rajshahi Central Library, University of Rajshahi   14/09/2015 Folklore department, Rajshahi University 250.00 3 B 398 MOF 2015 01/06/2022 C-4 Books 30/05/2022  
  Dewey Decimal Classification     Non-fiction Central Library, University of Rajshahi Central Library, University of Rajshahi   14/09/2015 Folklore department, Rajshahi University 250.00 5 B 398 MOF 2015 03/10/2018 C-5 Books 06/09/2018 1
  Dewey Decimal Classification     Non-fiction Central Library, University of Rajshahi Central Library, University of Rajshahi General Stacks 07/06/2023 Rajshahi : Biddasagar 262.50   B 398 MOF 2015 01/08/2023 C-6 Books    
  Dewey Decimal Classification     Non-fiction Central Library, University of Rajshahi Central Library, University of Rajshahi General Stacks 07/06/2023 Rajshahi : Biddasagar 262.50   B 398 MOF 2015 01/08/2023 C-7 Books    
  Dewey Decimal Classification     Non-fiction Central Library, University of Rajshahi Central Library, University of Rajshahi General Stacks 07/06/2023 Rajshahi : Biddasagar 262.50   B 398 MOF 2015 01/08/2023 C-8 Books